00416nam a2200133 a 450000100100000000500170001000800410002704000250006808200150009311000410010824500450014926000660019430000220026000003158820200930063033.0110627s2003 dr 000 0 spa d aDO-SdBNPbspacBNPHU axxxxbU58v2 aUniversidad Católica Santo Domingo10aVigésima sexta graduación ordinaria. aSanto Domingo :bUniversidad Católica Santo Domingo,c2003. a[32 p.] ;c21 cm.